000 00869cam a22002651 4500
001 1896
003 BD-RjUL
005 20211208233433.0
008 131209r19661964iluac 000 0beng
035 _a(BD-RjUL)1923
040 _aDLC
_cDLC
_dDLC
_dBD-RjUL
_beng
041 _aeng
082 0 0 _a922.673
_bBEW 1966
100 1 _aBennett, Lerone,
_d1928-
_96258
245 1 0 _aWhat manner of man :
_ba biography of Martin Luther King, Jr /
_cWith an introd. by Benjamin E. Mays.
260 _aLondon ;
_bUnwin Brothers,
_cc1964 [Reprint 1966].
300 _a245 p. :
_billus., ports.
_c25 cm.
504 _aIncludes Index.
600 1 0 _aKing, Martin Luther,
_cJr.,
_d1929-1968.
_96259
650 0 _aAfrican Americans
_vBiography.
_96260
650 0 _aBaptists
_zUnited States
_xClergy
_vBiography.
_96261
942 _2ddc
_cBK
999 _c1896
_d1896